Sports Quiz

Random Sports or Football Quiz

Bowl Games: Real or Fake? Quiz Stats

 Plays Quiz Updated Feb 1, 2018

Score 0/27 Timer 05:00
0 Plays Today
% Correct
AT&T Cotton Bowl
90.7%
Allstate Sugar Bowl
90%
Tostitos Fiesta Bowl
89.8%
Capital One Bowl
88.9%
Discover Orange Bowl
88.4%
Outback Bowl
87.8%
Chick-fil-A Bowl
86.7%
AutoZone Liberty Bowl
84.5%
Valero Alamo Bowl
83.9%
GoDaddy.com Bowl
81.1%
Hyundai Sun Bowl
80.3%
TaxSlayer.com Gator Bowl
80.1%
Buffalo Wild Wings Bowl
75.4%
New Era Pinstripe Bowl
74.8%
% Correct
Famous Idaho Potato Bowl
74.7%
San Diego County Credit Union Poinsettia Bowl
74%
Russell Athletic Bowl
72.8%
Bell Helicopter Armed Forces Bowl
72.6%
Franklin American Mortgage Music City Bowl
70.1%
Meineke Car Care Bowl of Texas
68%
Little Caesars Pizza Bowl
67.5%
Beef 'O' Brady's Bowl St. Petersburg
66.3%
Duck Commander Independence Bowl
65.5%
Kraft Fight Hunger Bowl
63.8%
Gildan New Mexico Bowl
63.3%
Popeyes Bahamas Bowl
59.6%
BITCOIN St. Petersburg Bowl
49.2%

You're not logged in!

Compare scores with friends on all Sporcle quizzes.
OR
Log In

Show Comments

Extras

Top Quizzes Today


Score Distribution

Your Account Isn't Verified!

In order to create a playlist on Sporcle, you need to verify the email address you used during registration. Go to your Sporcle Settings to finish the process.

Report this User

Report this user for behavior that violates our Community Guidelines.

Details: